Geography Quiz

Random Geography or City Quiz

Cities of Bhutan Quiz Stats

 Plays Quiz not verified by Sporcle

Score 0/10 Timer 05:00
0 Plays Today
% Correct
Thimphu
94.7%
Paro
68.4%
Trashigang
47.4%
Phuntsholing
42.1%
Punakha
42.1%
Trongsa
42.1%
Geylegphug
36.8%
Wangdue Phodrang
34.2%
Samdrup Jongkhar
28.9%
Dagapela
21.1%

You're not logged in!

Compare scores with friends on all Sporcle quizzes.
OR
Log In

You Might Also Like...

Show Comments

Extras

Created Nov 26, 2016ReportNominate
Tags:City Quiz, largest

Top Quizzes Today


Score Distribution

Your Account Isn't Verified!

In order to create a playlist on Sporcle, you need to verify the email address you used during registration. Go to your Sporcle Settings to finish the process.

Report this User

Report this user for behavior that violates our Community Guidelines.

Details: